000 00864nam a2200241 u 4500
005 20220901063825.0
008 180704m2004 mx r 000 0 spa d
020 _a9700319792
035 _aUPN01000225897
049 _aI
050 4 _aPZ10.3
_bB7.5
100 1 _aBrouillet, Chrystine,
_d1958-
_942861
245 1 3 _aLa murcielaguita que lloraba porque era bonita /
_cChrystine Brouillet ; il. Leanne Franson ; tr. María Andrea Giovine Yañez.
260 _aMéxico :
_bFernández :
_c2004.
300 _a22 p. :
_bil. col.
440 0 _aLecturas iniciales para niños.
_p6+
534 _pTítulo original:
_tUne chauve-souris qui pleurait d'être trop belle
650 4 _aCUENTOS INFANTILES CANADIENSES
_911112
650 4 _aMURCIELAGOS -
_vCUENTOS Y LEYENDAS
_924088
650 7 _aAmistad entre niños
_2
_94319
905 _aInfantil
999 _c197993
_d197993